000 01867nka a2200349 i 4500
001 102945
003 ES-MaACL
005 20250824093143.0
007 t|
008 051221e1871 sp f | |r||1c|spa d
100 1 _aMaura Montaner, Bartolomé,
_d1844-1926
_eetr
_979222
245 1 1 _a[Retrato de Felipe IV, Rey de España]
_h[Material gráfico] /
_cVelázquez lo pintó ; B. Maura lo grabó
260 _a[S.l. :
_bs.n.,
_c1871]
300 _a1 estampa :
_bgrabado calcográfico ;
_c446 x 442 mm
490 1 _aColección facticia de grabados ;
_v21
_9184692
500 _aInscripción: "Retrato de Felipe IV"
520 _aEl monarca aparece representado de perfil, vestido con una armadura, bastón de mando y banda carmesí de general. El caballo alza las patas delanteras en una maniobra de alta escuela de equitación denominada levade o corveta, para la que el rey emplea una sola mano. Así da una muestra de dominio y capacidad de mando, siendo una alegoría del poder. Paradójicamente, el poder en estos momentos estaba en manos del valido de su majestad, el omnipotente Conde-Duque de Olivares
530 _aDisponible en formato digital
600 0 4 _aFelipe
_bIV,
_cRey de España-
_xRetratos
_9236357
650 4 _aReyes y soberanos-
_yS.XVII
_9241973
650 7 _aCaballos
_2embne
_9135700
655 7 _aGrabados calcográficos
_2tgfbne
_9241761
655 7 _aGrabados
_2tgfbne
_9226846
655 4 _aReproducciones de obras de arte
_9241931
700 1 _aVelázquez, Diego,
_d1599-1660
_eart
_9113793
830 0 _aColección facticia de grabados ;
_v21
_9184692
852 4 _aES-MaACL
_cDEPO2
_jGF-2(21)
856 4 _uhttps://patrimoniodigital.ucm.es/s/patrimonio/item/1534092
_yVersión en línea
_z(Patrimonio Digital Complutense)
_3
942 _2udc
_cDIBGRB
_n0
999 _c102945
_d102945